000 01648nam a2200229Ia 4500
008 260220t1971||||xx |||||||||||||| ||spa||
040 _aPY-SlUNAC
_bspa
_erda
041 _aspa
082 _a380.145 745 5
_bC333c
245 0 _aComercialización de los productos de artesanía
264 _aGinebra :
_bCCI,
_c℗1971.
300 _a1 volumen
520 _aEl libro "Comercialización de los productos de artesanía" publicado por la Conferencia de las Naciones Unidas sobre Comercio y Desarrollo (CCI) en 1971, aborda las estrategias y prácticas necesarias para mejorar la comercialización de productos artesanales a nivel global. A través de un análisis exhaustivo, se destacan los desafíos que enfrentan los artesanos, como la falta de acceso a mercados, la competencia de productos industriales y la necesidad de adaptar sus creaciones a las demandas del consumidor. El texto propone una serie de recomendaciones para fortalecer la posición de los artesanos, tales como la mejora de la calidad del producto, la creación de redes de distribución y la promoción de la identidad cultural a través de la artesanía. Además, se enfatiza la importancia de la capacitación y el apoyo institucional para facilitar el desarrollo sostenible de este sector. En conjunto, el libro es un recurso valioso que busca empoderar a los artesanos y fomentar un comercio justo y equitativo.
653 _aArtesanía
653 _aComercio
653 _aDesarrollo económico
942 _b2026/02/17
_cBK
999 _c7260
_d7260